MARC details
| 000 -LEADER |
| fixed length control field |
01439nam a2200361 a 4500 |
| 001 - CONTROL NUMBER |
| control field |
1830 |
| 003 - CONTROL NUMBER IDENTIFIER |
| control field |
BD-DhEWU |
| 005 - DATE AND TIME OF LATEST TRANSACTION |
| control field |
20140407192659.0 |
| 008 - FIXED-LENGTH DATA ELEMENTS--GENERAL INFORMATION |
| fixed length control field |
970520s1983 onca g bs 000 0 eng d |
| 020 ## - INTERNATIONAL STANDARD BOOK NUMBER |
| International Standard Book Number |
0920494307 (pbk.) : |
|
| International Standard Book Number |
9780920494301 |
| 035 ## - SYSTEM CONTROL NUMBER |
| System control number |
(OCoLC)11053566 |
| 040 ## - CATALOGING SOURCE |
| Original cataloging agency |
DLC |
| Transcribing agency |
DLC |
| Modifying agency |
DLC |
| -- |
BD-DhEWU |
| Language of cataloging |
eng |
| 041 ## - LANGUAGE CODE |
| Language code of text/sound track or separate title |
eng |
| 050 00 - LIBRARY OF CONGRESS CALL NUMBER |
| Classification number |
HC440.8 |
| Item number |
.E37 1983 |
| 082 00 - DEWEY DECIMAL CLASSIFICATION NUMBER |
| Classification number |
338.917105492 |
| Item number |
EHC 1983 |
| 100 1# - MAIN ENTRY--PERSONAL NAME |
| Personal name |
Ehrhardt, Roger, |
| 9 (RLIN) |
7051 |
| 245 10 - TITLE STATEMENT |
| Title |
Canadian development assistance to Bangladesh : |
| Remainder of title |
an independent study / |
| Statement of responsibility, etc |
by Roger Ehrhardt. |
| 260 ## - PUBLICATION, DISTRIBUTION, ETC. (IMPRINT) |
| Place of publication, distribution, etc |
Ottawa, Canada : |
| Name of publisher, distributor, etc |
North-South Institute, |
| Date of publication, distribution, etc |
c1983. |
| 300 ## - PHYSICAL DESCRIPTION |
| Extent |
ix, 153 p. : |
| Other physical details |
ill. ; |
| Dimensions |
23 cm. |
| 500 ## - GENERAL NOTE |
| General note |
Online version:<br/>Ehrhardt, Roger, 1949-<br/>Canadian development assistance to Bangladesh.<br/>Ottawa, Canada : North-South Institute, c1983<br/>(OCoLC)655075264 |
| 504 ## - BIBLIOGRAPHY, ETC. NOTE |
| Bibliography, etc |
Bibliography: p. 139-144. |
| 526 ## - STUDY PROGRAM INFORMATION NOTE |
| Program name |
DS |
| 590 ## - LOCAL NOTE (RLIN) |
| Local note |
Tahur Ahmed |
| 650 #0 - SUBJECT ADDED ENTRY--TOPICAL TERM |
| Topical term or geographic name as entry element |
Economic assistance, Canadian |
| Geographic subdivision |
Bangladesh. |
| 9 (RLIN) |
7052 |
|
| Topical term or geographic name as entry element |
Food relief, Canadian. |
| 9 (RLIN) |
7053 |
|
| Topical term or geographic name as entry element |
Nutrition policy |
| Geographic subdivision |
Bangladesh. |
| 9 (RLIN) |
7054 |
|
| Topical term or geographic name as entry element |
Economic assistance, Canadian |
| General subdivision |
Management. |
| 9 (RLIN) |
7055 |
| 651 #0 - SUBJECT ADDED ENTRY--GEOGRAPHIC NAME |
| Geographic name |
Bangladesh |
| General subdivision |
Economic conditions. |
| 9 (RLIN) |
7056 |
| 856 ## - ELECTRONIC LOCATION AND ACCESS |
| Materials specified |
WorldCat details |
| Uniform Resource Identifier |
http://www.worldcat.org/title/canadian-development-assistance-to-bangladesh-an-independent-study/oclc/11053566&referer=brief_results |
| 942 ## - ADDED ENTRY ELEMENTS (KOHA) |
| Source of classification or shelving scheme |
Dewey Decimal Classification |
| Koha item type |
Text |